000 00472nam a22001577a 4500
005 20250204150652.0
008 250204b |||||||| |||| 00| 0 eng d
020 _a9780321513106
050 _aRB113
_b.M32
100 _aMartini, Frederic H.
245 _aA & P Applications Manual/
_cFrederic H. Martini, Kathleen Welch
260 _aSan Francisco
_bPearson/Benjamin Cummings
_c2009
300 _aix. 262p.
_bill.
_c27.5cm
700 _aWelch, Kathleen
942 _2lcc
_cBK
_n0
999 _c3426
_d3426